000 02847nam a22005055i 4500
001 23766167
003 BJBSDDR
005 20260512144523.0
007 ta
008 240708s2022 nyua 000 0deng
010 _a 2023496693
020 _a9780593677902
020 _a0593677900
035 _a23766167
040 _aDLC
_beng
_erda
_cDLC
041 _aeng
042 _apcc
043 _an-us---
_an-us-il
050 0 0 _aE 909
_bO12 2022
100 1 _aObama, Michelle,
_d1964-
_eauthor.
_1https://id.oclc.org/worldcat/entity/E39PBJrwTWccKDBCXcmTFmh8md
_948386
245 1 4 _aThe light we carry :
_bovercoming in uncertain times /
_cMichelle Obama.
246 3 0 _aOvercoming in uncertain times
250 _aFirst edition.
264 1 _aNew York :
_bRandom House Large Print,
_c2022.
300 _axii, 318 pages :
_billustrations ;
_c25 cm
336 _atext
_btxt
_2rdacontent
337 _aunmediated
_bn
_2rdamedia
338 _avolume
_bnc
_2rdacarrier
504 _aIncludes bibliographical references (pages 309-316).
505 0 _aThe power of small -- Decoding fear -- Starting kind -- Am I seen? -- My kitchen table -- Partnering well -- Meet my mom -- The whole of us -- The armor we wear -- Going high.
520 _a"Mrs. Obama offers readers a series of fresh stories and insightful reflections on change, challenge, and power, including her belief that when we light up for others, we can illuminate the richness and potential of the world around us, discovering deeper truths and new pathways for progress. Drawing from her experiences as a mother, daughter, spouse, friend, and First Lady, she shares the habits and principles she has developed to successfully adapt to change and overcome various obstacles--the earned wisdom that helps her continue to 'become.' She details her most valuable practices, like 'starting kind,' 'going high,' and assembling a 'kitchen table' of trusted friends and mentors. With trademark humor, candor, and compassion, she also explores issues connected to race, gender, and visibility, encouraging readers to work through fear, find strength in community, and live with boldness"--Provided by publisher.
600 1 0 _aObama, Michelle,
_d1964-
600 1 0 _aObama, Michelle,
_d1964-
_xFamily.
650 0 _aPresidents' spouses
_zUnited States.
650 0 _aAfrican American women lawyers
_zIllinois
_zChicago
_vBiography.
650 0 _aLawyers
_zIllinois
_zChicago
_vBiography.
650 0 _aConduct of life.
650 0 _aLegislators' spouses
_zUnited States
_vBiography.
655 7 _aBiographies.
_2lcgft
_0https://id.loc.gov/authorities/genreForms/gf2014026049
906 _a7
_bcbc
_corignew
_d1
_encip
_f20
_gy-gencatlg
942 _2lcc
_n0
_cBK
946 _irmza
999 _c127065
_d127065